Bible or Sound of Music? Quiz Stats

 Plays Quiz Updated Feb 8, 2020

Support Sporcle.
Go Orange.
Score 0/16 Timer 04:00
0 Plays Today
Quote (B)ible or (S)ound of Music? % Correct
'I will lift up mine eyes unto the hills, from whence cometh my help.'???
95%
'Yea, though I walk through the valley of the shadow of death, I will fear no evil.'???
92.5%
'When I'm feeling sad I simply remember my favorite things and then I don't feel so bad.'???
92.4%
'Ask, and it will be given you; seek, and you will find; knock, and it will be opened to you.'???
89.4%
'My hearts wants . . . to sing through the night, like a lark who is learning to pray.'???
85.2%
'If I have all faith, so as to remove mountains, but have not love, I am nothing.'???
83%
'The voice of my beloved! Behold, he comes, leaping upon the mountains, bounding over the hills.'???
80.7%
'The flowers appear on the earth, the time of singing has come, and the voice of the turtledove is heard in our land.'???
79.1%
Quote (B)ible or (S)ound of Music? % Correct
'Search high and low, follow every byway, every path you know.'???
78.8%
'Somewhere in my wicked, miserable past there must have been a moment of truth.'???
77.4%
'Nothing comes from nothing. Nothing ever could.'???
77.2%
'When the Lord closes a door, somewhere He opens a window.'???
70.7%
'It is not the sound of shouting for victory, or the sound of the cry of defeat, but the sound of singing that I hear.'???
63.9%
'Many women have done excellently, but you surpass them all.'???
53%
'For what we are about to receive may the Lord make us truly thankful.'???
48.4%
'The wool from the black sheep is just as warm.'???
37.6%

You're not logged in!

Compare scores with friends on all Sporcle quizzes.
OR
Log In
Forgot?

From the Vault

Military Leader Names Match-Up

by khands

History 6m
Pro tip: To look like you're in charge, just wear a cool pair of sunglasses and point at the horizon a lot.
Remove Ads.
Support Sporcle.
Get the best of Sporcle when you Go Orange. This ad-free experience offers more features, more stats, and more fun while also helping to support Sporcle. Thank you for becoming a member.

Show Comments

Extras

Top Quizzes Today


Score Distribution

Your Account Isn't Verified!

In order to create a playlist on Sporcle, you need to verify the email address you used during registration. Go to your Sporcle Settings to finish the process.

Report this User

Report this user for behavior that violates our Community Guidelines.

Details: